| 000 | 00491nam a2200169Ia 4500 | ||
|---|---|---|---|
| 008 | 260520s2025 xx 000 0 und d | ||
| 020 | _a978-93-47457-56-2 | ||
| 041 | _amar | ||
| 082 | _a891.463/NAG | ||
| 100 | _aनागदेव, नरेंद्र | ||
| 245 | _aमहानायक कर्ण | ||
| 250 | _a1st ed | ||
| 260 |
_aपुणे _bमधुश्री प्रकाशन, _c2025 |
||
| 300 | _a176p. | ||
| 500 | _aCat No: 15009 | ||
| 650 | _aMARATHI FICTION | ||
| 999 |
_c1221815 _d1221815 |
||